000 00184 a2200097 4500
001 22552
100 _aAttia
245 _aIqbal
260 _a
_bIqbal Academ
_c
090 _c15218
_d15218
942 _aNUST-CAE
_cM
_c5801
999 _c257625
_d257625